000
00313 a2200145 4500
001
171310
020
_a
040
_c
Magnum
100
_a
Andrade, Euclides Marques
240
1
0
_a
E assim eles dancam a paz
_l
por
245
1
0
_a
E assim eles dancam a paz
362
0
_a
1899
697
_a
IJ/GERAL
942
_c
BK
999
_c
171310
_d
171310